000
00309nam a22001337a 4500
041
_a
ENG
100
_a
Kapli.I.P
245
_a
Elements Of Strength Of Materials
250
_a
Fifth Ed
260
_a
Delhi
_b
Affiliated East-West Press Privata Lim
_c
2012
300
_a
371
650
_a
FS
856
_u
FS ( 36 )
999
_c
856
_d
856